[Event "Muensterland op 40th"]
[Site "Muenster"]
[Date "2023.10.01"]
[Round "3"]
[White "Heiligtag, Matthias"]
[Black "Wichtrup, Jan Louis"]
[Result "1/2-1/2"]
[WhiteElo "1691"]
[BlackElo "2107"]
[PlyCount "71"]
[EventDate "2023.09.30"]
[EventType "swiss"]
[EventRounds "9"]
[EventCountry "GER"]
[SourceTitle "CBM 216 Extra"]
[Source "ChessBase"]
[SourceDate "2023.11.30"]
[SourceVersion "1"]
[SourceVersionDate "2023.11.30"]
[SourceQuality "1"]

1. e4 g6 2. d4 Bg7 3. Nf3 d6 4. Bc4 e6 5. 0-0 Ne7 6. c3 a6 7. Be3 Nd7 8. Na3 h6 9. Nc2 0-0 10. Qd2 Kh7 11. Rad1 b5 12. Bb3 Bb7 13. d5 exd5 14. exd5 Nc5 15. Bxc5 dxc5 16. Ne3 c4 17. Bc2 Qd6 18. b3 cxb3 19. axb3 Rad8 20. c4 c6 21. dxc6 Qxd2 22. Rxd2 Rxd2 23. Nxd2 Nxc6 24. cxb5 axb5 25. Ne4 Rd8 26. Nc5 Bc8 27. Bd3 Nd4 28. Rd1 Bf8 29. b4 Kg7 30. Bxb5 Be6 31. Kf1 Be7 32. Nxe6+ fxe6 33. Bc4 Bxb4 34. Nc2 Bc5 35. Nxd4 Rxd4 36. Rxd4 1/2-1/2

[Event "GER-ch Net blitz qual2"]
[Site "Playchess.com INT"]
[Date "2021.05.04"]
[Round "10"]
[White "Hunder, Frank"]
[Black "Heiligtag, Matthias"]
[Result "0-1"]
[WhiteElo "1645"]
[BlackElo "1730"]
[PlyCount "86"]
[EventDate "2021.05.04"]
[EventType "swiss (blitz)"]
[EventRounds "11"]
[EventCountry "GER"]
[SourceTitle "CBM 202 Extra"]
[Source "ChessBase"]
[SourceDate "2021.07.31"]
[SourceVersion "1"]
[SourceVersionDate "2021.07.31"]
[SourceQuality "1"]

1. e4 e5 2. Nf3 Nf6 3. Bc4 Nc6 4. d3 Bc5 5. h3 d6 6. 0-0 h6 7. a3 Be6 8. Bxe6 fxe6 9. b4 Bb6 10. c3 a6 11. Qe2 0-0 12. Be3 Bxe3 13. Qxe3 d5 14. Nbd2 Re8 15. Rac1 d4 16. cxd4 exd4 17. Qe2 e5 18. Nc4 Qd7 19. Nh2 a5 20. b5 Na7 21. a4 c6 22. b6 Nc8 23. f4 exf4 24. Rxf4 Nd5 25. Rf2 Ndxb6 26. Qc2 Nxc4 27. Qxc4+ Kh8 28. Rb1 Nd6 29. Qxd4 Qe6 30. Qe3 Rf8 31. Nf3 Nf5 32. Qd2 Ng3 33. Rxb7 Rad8 34. Qb2 Rf6 35. e5 Rg6 36. d4 Ne4 37. Rc2 Qxh3 38. Rb8 Rxb8 39. Qxb8+ Kh7 40. Qe8 Qxf3 41. Kh1 Qd1+ 42. Kh2 Qxc2 43. e6 Qxg2# 0-1

[Event "GER Pfingstopen U12"]
[Site "Playchess.com INT"]
[Date "2020.06.02"]
[Round "1"]
[White "Heiligtag, Matthias"]
[Black "Haug, Mara"]
[Result "0-1"]
[WhiteElo "1599"]
[BlackElo "1620"]
[PlyCount "86"]
[EventDate "2020.06.02"]
[EventType "swiss (blitz)"]
[EventRounds "11"]
[EventCountry "GER"]
[SourceTitle "CBM 197 Extra"]
[Source "ChessBase"]
[SourceDate "2020.09.30"]
[SourceVersion "1"]
[SourceVersionDate "2020.09.30"]
[SourceQuality "1"]

1. e4 c5 2. Nf3 Nc6 3. d4 cxd4 4. Nxd4 g6 5. Nc3 Bg7 6. Be3 Nf6 7. f3 d6 8. Bb5 Bd7 9. Bc4 0-0 10. 0-0 Qc7 11. Ncb5 Qd8 12. Nc3 e6 13. Ndb5 a6 14. Nxd6 Qc7 15. a4 Rad8 16. Bb3 Be8 17. Bf4 e5 18. Nxe8 Rfxe8 19. Qe2 exf4 20. Qc4 Rc8 21. Nd5 Nxd5 22. exd5 Na5 23. Qxc7 Rxc7 24. Rab1 Nxb3 25. cxb3 Re3 26. Rfd1 Rxb3 27. d6 Rd7 28. Rbc1 Be5 29. Rc8+ Kg7 30. Rc5 Bxd6 31. Rcd5 Bc5+ 32. Kf1 Rxd5 33. Rxd5 Be3 34. Ke2 Rxb2+ 35. Kd3 Rd2+ 36. Kc4 Rxg2 37. Rd7 Rc2+ 38. Kb3 Rc1 39. Ka3 Rb1 40. Ka2 Rb4 41. Ka3 Bc5 42. Rc7 Bf8 43. Rc8 Rc4+ 0-1

[Event "GER Pfingstopen U12"]
[Site "Playchess.com INT"]
[Date "2020.06.02"]
[Round "9"]
[White "Heiligtag, Matthias"]
[Black "Wilmink, Anna"]
[Result "1/2-1/2"]
[WhiteElo "1599"]
[BlackElo "1559"]
[PlyCount "85"]
[EventDate "2020.06.02"]
[EventType "swiss (blitz)"]
[EventRounds "11"]
[EventCountry "GER"]
[SourceTitle "CBM 197 Extra"]
[Source "ChessBase"]
[SourceDate "2020.09.30"]
[SourceVersion "1"]
[SourceVersionDate "2020.09.30"]
[SourceQuality "1"]

1. e4 c5 2. Nf3 Nc6 3. d4 cxd4 4. Nxd4 g6 5. Nc3 Bg7 6. Be3 Nf6 7. Bc4 0-0 8. 0-0 Nxe4 9. Nxc6 bxc6 10. Nxe4 d5 11. Nd2 dxc4 12. Nxc4 Ba6 13. Qxd8 Rfxd8 14. Na5 Bxf1 15. Kxf1 Bxb2 16. Rb1 Bf6 17. Nxc6 Rd6 18. Nxa7 Ra6 19. Nb5 Rxa2 20. Nc7 Rc8 21. Nd5 Raxc2 22. Nxf6+ exf6 23. Bh6 f5 24. Re1 Rd8 25. Kg1 Ra8 26. h3 Rca2 27. Re7 Ra1+ 28. Kh2 R1a7 29. Re2 Ra2 30. Re7 Rxf2 31. Kg3 Rfa2 32. h4 R2a7 33. Re2 f6 34. Rc2 Kf7 35. Rc6 Ra3+ 36. Kh2 Re8 37. Rc7+ Re7 38. Rc6 Ra2 39. Kh3 Ree2 40. Rc7+ Re7 41. Rc6 Ree2 42. Rc7+ Re7 43. Rc6 1/2-1/2

[Event "GER-ch U18 sf Berlin Online"]
[Site "Playchess.com INT"]
[Date "2020.05.01"]
[Round "13"]
[White "Fock, Madiha"]
[Black "Heiligtag, Matthias"]
[Result "0-1"]
[WhiteElo "1749"]
[BlackElo "1713"]
[PlyCount "44"]
[EventDate "2020.05.01"]
[EventType "swiss (blitz)"]
[EventRounds "13"]
[EventCountry "GER"]
[SourceTitle "CBM 195 Extra"]
[Source "ChessBase"]
[SourceDate "2020.05.31"]
[SourceVersion "1"]
[SourceVersionDate "2020.05.31"]
[SourceQuality "1"]

1. e4 e5 2. Nf3 Nf6 3. d3 d6 4. Nc3 Nc6 5. Bg5 Be7 6. Be2 0-0 7. 0-0 d5 8. Bxf6 Bxf6 9. Nxd5 Be6 10. Nxf6+ Qxf6 11. c3 Qg6 12. Re1 Rad8 13. Bf1 f5 14. exf5 Bxf5 15. Nxe5 Nxe5 16. Rxe5 Bxd3 17. Qb3+ Kh8 18. Bxd3 Qxd3 19. Qxb7 Qd2 20. Qxc7 Qxf2+ 21. Kh1 Qf1+ 22. Rxf1 Rxf1# 0-1

[Event "GER-ch U18 sf Berlin Online"]
[Site "Playchess.com INT"]
[Date "2020.05.01"]
[Round "4"]
[White "Fromm, Marius"]
[Black "Heiligtag, Matthias"]
[Result "1-0"]
[WhiteElo "2038"]
[BlackElo "1713"]
[PlyCount "75"]
[EventDate "2020.05.01"]
[EventType "swiss (blitz)"]
[EventRounds "13"]
[EventCountry "GER"]
[SourceTitle "CBM 195 Extra"]
[Source "ChessBase"]
[SourceDate "2020.05.31"]
[SourceVersion "1"]
[SourceVersionDate "2020.05.31"]
[SourceQuality "1"]

1. Nf3 Nf6 2. c4 c5 3. Nc3 Nc6 4. g3 g6 5. Bg2 Bg7 6. d4 cxd4 7. Nxd4 0-0 8. 0-0 d6 9. Nxc6 bxc6 10. Bxc6 Rb8 11. Bg2 Bb7 12. Bxb7 Rxb7 13. Qd3 Qc7 14. b3 Nd7 15. Bd2 Ne5 16. Qc2 Rc8 17. Rac1 Qd7 18. Rfd1 Qh3 19. Qe4 Ng4 20. Qg2 Qxg2+ 21. Kxg2 Ne5 22. Be3 e6 23. Bd4 Nc6 24. Bxg7 Kxg7 25. Rxd6 Nb4 26. Rcd1 Rcc7 27. R1d2 Nc6 28. Nb5 Rc8 29. Rd7 Rxd7 30. Rxd7 a6 31. Nd6 Rf8 32. e3 Nb4 33. Ra7 Nxa2 34. Rxa6 Nc3 35. Ra7 Kf6 36. Kf3 Nd1 37. Ne4+ Ke5 38. Ra5# 1-0

[Event "GER-ch U18 sf Berlin Online"]
[Site "Playchess.com INT"]
[Date "2020.05.01"]
[Round "5"]
[White "Heiligtag, Matthias"]
[Black "Abed, Karim"]
[Result "1-0"]
[WhiteElo "1713"]
[BlackElo "1502"]
[PlyCount "39"]
[EventDate "2020.05.01"]
[EventType "swiss (blitz)"]
[EventRounds "13"]
[EventCountry "GER"]
[SourceTitle "CBM 195 Extra"]
[Source "ChessBase"]
[SourceDate "2020.05.31"]
[SourceVersion "1"]
[SourceVersionDate "2020.05.31"]
[SourceQuality "1"]

1. e4 c5 2. Nf3 Nc6 3. d4 cxd4 4. Nxd4 d6 5. Nc3 Nf6 6. Be3 g6 7. Bb5 Bd7 8. Bxc6 bxc6 9. 0-0 Bg7 10. f3 0-0 11. Nb3 c5 12. e5 c4 13. exf6 cxb3 14. fxg7 Kxg7 15. axb3 a5 16. Bd4+ Kg8 17. Qd2 Qc7 18. Nd5 Qd8 19. Rxa5 Qxa5 20. Nxe7# 1-0

[Event "GER-ch U18 sf Berlin Online"]
[Site "Playchess.com INT"]
[Date "2020.05.01"]
[Round "9"]
[White "Heiligtag, Matthias"]
[Black "Ruddat, Jarne"]
[Result "1-0"]
[WhiteElo "1713"]
[BlackElo "1617"]
[PlyCount "71"]
[EventDate "2020.05.01"]
[EventType "swiss (blitz)"]
[EventRounds "13"]
[EventCountry "GER"]
[SourceTitle "CBM 195 Extra"]
[Source "ChessBase"]
[SourceDate "2020.05.31"]
[SourceVersion "1"]
[SourceVersionDate "2020.05.31"]
[SourceQuality "1"]

1. e4 c5 2. Nf3 g6 3. d4 cxd4 4. Nxd4 Nc6 5. Nc3 Bg7 6. Nxc6 bxc6 7. Bd2 Rb8 8. Bc4 e6 9. 0-0 Ne7 10. Be3 Rxb2 11. Bd2 Rb8 12. Rb1 Rxb1 13. Qxb1 d5 14. exd5 cxd5 15. Bb5+ Bd7 16. Bxd7+ Qxd7 17. Qb8+ Nc8 18. Nb5 0-0 19. Bb4 Re8 20. Nc7 Rd8 21. Ba5 Nd6 22. Qxa7 Rc8 23. Qb6 Bf6 24. Nb5 Bd8 25. Qxd6 Qxb5 26. Bxd8 Rxc2 27. Bf6 Rc8 28. Qg3 Rb8 29. Qh4 Qb1 30. Qh6 Qxf1+ 31. Kxf1 Rb1+ 32. Ke2 Rb2+ 33. Kd1 Rb1+ 34. Kc2 Rc1+ 35. Kxc1 e5 36. Qg7# 1-0

[Event "GER-ch Net Amateur Gr-C Vor3"]
[Site "Playchess.com INT"]
[Date "2020.04.16"]
[Round "2"]
[White "Heiligtag, Matthias"]
[Black "Habinski, David"]
[Result "1/2-1/2"]
[WhiteElo "1675"]
[BlackElo "1508"]
[PlyCount "157"]
[EventDate "2020.04.16"]
[EventType "swiss (blitz)"]
[EventRounds "9"]
[EventCountry "GER"]
[SourceTitle "CBM 195 Extra"]
[Source "ChessBase"]
[SourceDate "2020.05.31"]
[SourceVersion "1"]
[SourceVersionDate "2020.05.31"]
[SourceQuality "1"]

1. e4 g6 2. Nf3 Bg7 3. d4 d6 4. h3 Nf6 5. Nc3 0-0 6. Bc4 Nc6 7. d5 Na5 8. Bb3 Nxb3 9. axb3 Bd7 10. 0-0 c6 11. dxc6 Bxc6 12. e5 Bxf3 13. Qxf3 dxe5 14. Qxb7 Qb6 15. Qxe7 Qe6 16. Qxe6 fxe6 17. Be3 Nd5 18. Bxa7 Nb4 19. Rfc1 Rf7 20. Bc5 Rxa1 21. Rxa1 Nxc2 22. Ra8+ Bf8 23. Bxf8 Rxf8 24. Rxf8+ Kxf8 25. Kf1 Nd4 26. b4 Ke7 27. f3 Kd6 28. Kf2 Kc6 29. Ke3 Nc2+ 30. Ke4 Nxb4 31. Kxe5 Kd7 32. Kf6 Nd5+ 33. Kg7 Nf4 34. Kxh7 Nxg2 35. Kxg6 Ke7 36. Kg5 Kf7 37. h4 Kg7 38. h5 Ne3 39. Na4 Nd5 40. Nc5 Nc7 41. h6+ Kf7 42. f4 Nd5 43. h7 Kg7 44. Nxe6+ Kxh7 45. f5 Kg8 46. f6 Kf7 47. Nd4 Nxf6 48. Kf5 Nd5 49. Ke5 Nb6 50. b3 Ke7 51. Nf5+ Kd7 52. Kd4 Kc6 53. Kc3 Kb5 54. Nd4+ Kc5 55. Nc2 Nd5+ 56. Kb2 Nb4 57. Ne3 Kd4 58. Ka3 Nc6 59. Nc2+ Kc5 60. Ka4 Kb6 61. Nb4 Na5 62. Nd5+ Ka6 63. b4 Nb7 64. b5+ Ka7 65. Kb4 Kb8 66. b6 Kc8 67. Kb5 Kb8 68. Nb4 Kc8 69. Nd3 Kb8 70. Ka6 Kc8 71. Ka7 Nd6 72. Nc5 Kd8 73. Ne4 Nb5+ 74. Ka8 Nc7+ 75. Ka7 Nb5+ 76. Ka6 Nc7+ 77. Kb7 Nd5 78. Nc5 Nxb6 79. Kxb6 1/2-1/2

[Event "GER-ch Net Amateur Gr-C Vor2"]
[Site "Playchess.com INT"]
[Date "2020.04.15"]
[Round "5"]
[White "Heiligtag, Matthias"]
[Black "Trube, Ted"]
[Result "1-0"]
[WhiteElo "1625"]
[BlackElo "1561"]
[PlyCount "119"]
[EventDate "2020.04.15"]
[EventType "swiss (blitz)"]
[EventRounds "9"]
[EventCountry "GER"]
[SourceTitle "CBM 196 Extra"]
[Source "ChessBase"]
[SourceDate "2020.07.31"]
[SourceVersion "1"]
[SourceVersionDate "2020.07.31"]
[SourceQuality "1"]

1. e4 e5 2. Nf3 Nc6 3. Bc4 Nf6 4. d3 Bc5 5. c3 d6 6. Nbd2 Bg4 7. Nf1 h6 8. h3 Bh5 9. Ng3 a6 10. Nxh5 Nxh5 11. Nxe5 Nxe5 12. Qxh5 Nxc4 13. dxc4 Qf6 14. 0-0 g6 15. Qe2 0-0-0 16. Be3 Bxe3 17. Qxe3 h5 18. Rad1 Rhe8 19. f3 Kb8 20. c5 d5 21. Qd4 Qxd4+ 22. Rxd4 dxe4 23. Rxd8+ Rxd8 24. fxe4 Rd2 25. Rxf7 Rxb2 26. Rg7 Rxa2 27. Rxg6 Rc2 28. Rg5 Rxc3 29. Rxh5 b6 30. cxb6 cxb6 31. e5 Kc7 32. e6 Kd6 33. Rh6 Re3 34. e7+ Kxe7 35. Rxb6 Ra3 36. Rb7+ Kd6 37. Ra7 Kc6 38. h4 Kb5 39. h5 Rd3 40. h6 Rd8 41. h7 Rh8 42. g4 a5 43. g5 a4 44. g6 Kb6 45. Rxa4 Rd8 46. Rh4 Rd1+ 47. Kf2 Rd2+ 48. Ke3 Rd8 49. g7 Re8+ 50. Kf2 Rc8 51. g8Q Rc2+ 52. Ke3 Rc3+ 53. Kd2 Rc6 54. h8Q Rd6+ 55. Qd4+ Rxd4+ 56. Rxd4 Kc5 57. Qd5+ Kb6 58. Rb4+ Kc7 59. Rb7+ Kc8 60. Qd7# 1-0

[Event "GER-ch Net blitz qual4"]
[Site "Playchess.com INT"]
[Date "2020.03.23"]
[Round "2"]
[White "Boder, Jan"]
[Black "Heiligtag, Matthias"]
[Result "1-0"]
[WhiteElo "2103"]
[BlackElo "1451"]
[PlyCount "93"]
[EventDate "2020.03.23"]
[EventType "swiss (blitz)"]
[EventRounds "9"]
[EventCountry "GER"]
[SourceTitle "CBM 195 Extra"]
[Source "ChessBase"]
[SourceDate "2020.05.31"]
[SourceVersion "1"]
[SourceVersionDate "2020.05.31"]
[SourceQuality "1"]

1. c4 c5 2. g3 g6 3. Bg2 Bg7 4. Nc3 Nc6 5. a3 a5 6. e4 e5 7. Nge2 Nge7 8. 0-0 0-0 9. d3 d6 10. Be3 Be6 11. f4 exf4 12. Nxf4 Qd7 13. Nxe6 fxe6 14. Qd2 e5 15. Nd5 Nxd5 16. exd5 Nd4 17. Bxd4 exd4 18. Qe2 Rae8 19. Rxf8+ Rxf8 20. Qe6+ Qxe6 21. dxe6 Re8 22. Bxb7 Kf8 23. Rf1+ Ke7 24. Rf7+ Kxe6 25. Rxg7 Kf6 26. Rxh7 Re2 27. Be4 Rxb2 28. Rh6 Rb3 29. Rxg6+ Kf7 30. Rxd6 Rxa3 31. Rc6 Ra1+ 32. Kg2 a4 33. Rxc5 a3 34. Kh3 a2 35. Ra5 Ke6 36. Bd5+ Kd6 37. Bg8 Kc6 38. c5 Rc1 39. Rxa2 Rxc5 40. Bc4 Rh5+ 41. Kg4 Rh8 42. h4 Rf8 43. h5 Kd6 44. Re2 Kc5 45. h6 Kb4 46. h7 Kc3 47. Bg8 1-0